| 000 | 00874nam a22003017a 4500 | ||
|---|---|---|---|
| 001 | BR2014008134 | ||
| 003 | BR-BrBNA | ||
| 005 | 20230928104559.0 | ||
| 007 | ta | ||
| 008 | 230509b bl.||||| |||| 00| 0 por d | ||
| 020 | _a85-25006-08-4 | ||
| 040 |
_aBR-BrBNA _bpor _cBiblioteca Nacional de Agricultura |
||
| 041 | _a(Por) | ||
| 072 | _aP30; N20 | ||
| 090 | _ P30 BR2014008134 | ||
| 100 | 1 | _aSilveira, G.M. da | |
| 245 | 1 |
_aO preparo do solo: implementos corretos _bColeção do Agricultor. Mecanização, Publicações Globo Rural |
|
| 260 | 3 |
_aRio de Janeiro, RJ (Brasil): _bGlobo, _c1988. |
|
| 300 | _a162 p. | ||
| 650 | _aMANEJO DO SOLO | ||
| 650 | _aMECANIZACAO AGRICOLA | ||
| 650 | _aARADURA | ||
| 650 | _aMAQUINA AGRICOLA | ||
| 650 | _aCOMPACTACAO DO SOLO | ||
| 650 | _aCONSERVACAO DO SOLO | ||
| 909 |
_a202309 _bLucia _c55 _dLucia Elande |
||
| 942 | _cBK | ||
| 999 |
_c80673 _d80673 |
||